UEFA Euro 2024 Stadiums - Statistics

General Stats
  • This quiz has been taken 236 times
  • The average score is 8 of 10
Answer Stats
Picture Hint Answer % Correct
Capacity: 66.026 München Fußball Arena
99%
Capacity: 61.524 BVB Stadion Dortmund
96%
Capacity: 70.033 Olympiastadion Berlin
93%
Capacity: 50.215 Volksparkstadion Hamburg
83%
Capacity: 46.635 Leipzig Stadion
82%
Capacity: 49.471 Arena auf Schalke
81%
Capacity: 46.922 Köln Stadion
81%
Capacity: 48.057 Frankfurt Arena
78%
Capacity: 46.264 Düsseldorf Arena
75%
Capacity: 50.998 Stuttgart Arena
75%
No matching quizzes found
Score Distribution
Percent of People with Each Score
Percentile by Number Answered
Your Score History
You have not taken this quiz